<?xml version="1.0" encoding="UTF-8"?>
<record
    xmlns:xsi="http://www.w3.org/2001/XMLSchema-instance"
    xsi:schemaLocation="http://www.loc.gov/MARC21/slim http://www.loc.gov/standards/marcxml/schema/MARC21slim.xsd"
    xmlns="http://www.loc.gov/MARC21/slim">

  <leader>00542nam a22001577a 4500</leader>
  <controlfield tag="003">OSt</controlfield>
  <controlfield tag="005">20151211142104.0</controlfield>
  <controlfield tag="008">151211b        xxu||||| |||| 00| 0 eng d</controlfield>
  <datafield tag="040" ind1=" " ind2=" ">
    <subfield code="c">RUA</subfield>
  </datafield>
  <datafield tag="082" ind1=" " ind2=" ">
    <subfield code="a">ATM.s KIM 2004 B200 Or.1</subfield>
  </datafield>
  <datafield tag="100" ind1=" " ind2=" ">
    <subfield code="9">4707</subfield>
    <subfield code="a">KIM, SARITH.</subfield>
  </datafield>
  <datafield tag="245" ind1=" " ind2=" ">
    <subfield code="a">The cartch by cast net in takeo province, &#x1780;&#x17B6;&#x179A;&#x1792;&#x17D2;&#x179C;&#x17BE;&#x1793;&#x17C1;&#x179F;&#x17B6;&#x1791;&#x178A;&#x17C4;&#x1799;&#x179F;&#x17C6;&#x178E;&#x17B6;&#x1789;&#x17CB;&#x1780;&#x17D2;&#x1793;&#x17BB;&#x1784;&#x178A;&#x17C2;&#x1793;&#x1793;&#x17C1;&#x179F;&#x17B6;&#x1791;&#x1781;&#x17C1;&#x178F;&#x17D2;&#x178F;&#x178F;&#x17B6;&#x1780;&#x17C2;&#x179C;</subfield>
  </datafield>
  <datafield tag="260" ind1=" " ind2=" ">
    <subfield code="a"> Phnom Penh</subfield>
    <subfield code="b">RUA</subfield>
    <subfield code="c">2004</subfield>
  </datafield>
  <datafield tag="300" ind1=" " ind2=" ">
    <subfield code="a">ix; 39p.</subfield>
    <subfield code="b">ill.</subfield>
    <subfield code="c">29cm.</subfield>
  </datafield>
  <datafield tag="942" ind1=" " ind2=" ">
    <subfield code="2">ddc</subfield>
    <subfield code="c">ATMSP</subfield>
  </datafield>
  <datafield tag="999" ind1=" " ind2=" ">
    <subfield code="c">4388</subfield>
    <subfield code="d">4388</subfield>
  </datafield>
  <datafield tag="952" ind1=" " ind2=" ">
    <subfield code="0">0</subfield>
    <subfield code="1">0</subfield>
    <subfield code="2">ddc</subfield>
    <subfield code="4">0</subfield>
    <subfield code="6">ATM__S_KIM_2004_000000000000000_B200_OR_1</subfield>
    <subfield code="7">0</subfield>
    <subfield code="9">22548</subfield>
    <subfield code="a">LBB</subfield>
    <subfield code="b">LBB</subfield>
    <subfield code="c">B200</subfield>
    <subfield code="d">2015-12-11</subfield>
    <subfield code="l">1</subfield>
    <subfield code="o">ATM.s KIM 2004 B200 Or.1</subfield>
    <subfield code="p">RUA039230</subfield>
    <subfield code="r">2016-06-14</subfield>
    <subfield code="s">2016-06-14</subfield>
    <subfield code="w">2015-12-11</subfield>
    <subfield code="y">ATMSP</subfield>
  </datafield>
  <datafield tag="952" ind1=" " ind2=" ">
    <subfield code="0">0</subfield>
    <subfield code="1">0</subfield>
    <subfield code="2">ddc</subfield>
    <subfield code="4">0</subfield>
    <subfield code="6">ATM__S_KIM_2004_000000000000000_B200_OR_2</subfield>
    <subfield code="7">0</subfield>
    <subfield code="9">22549</subfield>
    <subfield code="a">LBB</subfield>
    <subfield code="b">LBB</subfield>
    <subfield code="c">B200</subfield>
    <subfield code="d">2015-12-11</subfield>
    <subfield code="o">ATM.s KIM 2004 B200 Or.2</subfield>
    <subfield code="p">RUA038707</subfield>
    <subfield code="r">2015-12-11</subfield>
    <subfield code="w">2015-12-11</subfield>
    <subfield code="y">ATMSP</subfield>
  </datafield>
  <datafield tag="952" ind1=" " ind2=" ">
    <subfield code="0">0</subfield>
    <subfield code="1">0</subfield>
    <subfield code="2">ddc</subfield>
    <subfield code="4">0</subfield>
    <subfield code="6">ATM__S_KIM_2004_000000000000000_B200_OR_3</subfield>
    <subfield code="7">0</subfield>
    <subfield code="9">22550</subfield>
    <subfield code="a">LBB</subfield>
    <subfield code="b">LBB</subfield>
    <subfield code="c">B200</subfield>
    <subfield code="d">2015-12-11</subfield>
    <subfield code="o">ATM.s KIM 2004 B200 Or.3</subfield>
    <subfield code="p">RUA038934</subfield>
    <subfield code="r">2015-12-11</subfield>
    <subfield code="w">2015-12-11</subfield>
    <subfield code="y">ATMSP</subfield>
  </datafield>
  <datafield tag="952" ind1=" " ind2=" ">
    <subfield code="0">0</subfield>
    <subfield code="1">0</subfield>
    <subfield code="2">ddc</subfield>
    <subfield code="4">0</subfield>
    <subfield code="6">ATM__S_KIM_2004_000000000000000_B200_OR_4</subfield>
    <subfield code="7">0</subfield>
    <subfield code="9">22551</subfield>
    <subfield code="a">LBB</subfield>
    <subfield code="b">LBB</subfield>
    <subfield code="c">B200</subfield>
    <subfield code="d">2015-12-11</subfield>
    <subfield code="o">ATM.s KIM 2004 B200 Or.4</subfield>
    <subfield code="p">RUA039184</subfield>
    <subfield code="r">2015-12-11</subfield>
    <subfield code="w">2015-12-11</subfield>
    <subfield code="y">ATMSP</subfield>
  </datafield>
  <datafield tag="952" ind1=" " ind2=" ">
    <subfield code="0">0</subfield>
    <subfield code="1">0</subfield>
    <subfield code="2">ddc</subfield>
    <subfield code="4">0</subfield>
    <subfield code="6">ATM__S_KIM_2004_000000000000000_B200_OR_5</subfield>
    <subfield code="7">0</subfield>
    <subfield code="9">22552</subfield>
    <subfield code="a">LBB</subfield>
    <subfield code="b">LBB</subfield>
    <subfield code="c">B200</subfield>
    <subfield code="d">2015-12-11</subfield>
    <subfield code="o">ATM.s KIM 2004 B200 Or.5</subfield>
    <subfield code="p">RUA037835</subfield>
    <subfield code="r">2015-12-11</subfield>
    <subfield code="w">2015-12-11</subfield>
    <subfield code="y">ATMSP</subfield>
  </datafield>
  <datafield tag="952" ind1=" " ind2=" ">
    <subfield code="0">0</subfield>
    <subfield code="1">0</subfield>
    <subfield code="2">ddc</subfield>
    <subfield code="4">0</subfield>
    <subfield code="6">ATM__S_KIM_2004_000000000000000_B200_OR_6</subfield>
    <subfield code="7">0</subfield>
    <subfield code="9">22553</subfield>
    <subfield code="a">LBB</subfield>
    <subfield code="b">LBB</subfield>
    <subfield code="c">B200</subfield>
    <subfield code="d">2015-12-11</subfield>
    <subfield code="o">ATM.s KIM 2004 B200 Or.6</subfield>
    <subfield code="p">RUA039242</subfield>
    <subfield code="r">2015-12-11</subfield>
    <subfield code="w">2015-12-11</subfield>
    <subfield code="y">ATMSP</subfield>
  </datafield>
  <datafield tag="952" ind1=" " ind2=" ">
    <subfield code="0">0</subfield>
    <subfield code="1">0</subfield>
    <subfield code="2">ddc</subfield>
    <subfield code="4">0</subfield>
    <subfield code="6">ATM__S_KIM_2004_000000000000000_B200_OR_7</subfield>
    <subfield code="7">0</subfield>
    <subfield code="9">22554</subfield>
    <subfield code="a">LBB</subfield>
    <subfield code="b">LBB</subfield>
    <subfield code="c">B200</subfield>
    <subfield code="d">2015-12-11</subfield>
    <subfield code="o">ATM.s KIM 2004 B200 Or.7</subfield>
    <subfield code="p">RUA039303</subfield>
    <subfield code="r">2015-12-11</subfield>
    <subfield code="w">2015-12-11</subfield>
    <subfield code="y">ATMSP</subfield>
  </datafield>
  <datafield tag="952" ind1=" " ind2=" ">
    <subfield code="0">0</subfield>
    <subfield code="1">0</subfield>
    <subfield code="2">ddc</subfield>
    <subfield code="4">0</subfield>
    <subfield code="6">ATM__S_KIM_2004_000000000000000_B200_OR_8</subfield>
    <subfield code="7">0</subfield>
    <subfield code="9">23426</subfield>
    <subfield code="a">LBB</subfield>
    <subfield code="b">LBB</subfield>
    <subfield code="c">B200</subfield>
    <subfield code="d">2015-12-14</subfield>
    <subfield code="o">ATM.s KIM 2004 B200 Or.8</subfield>
    <subfield code="p">RUA033810</subfield>
    <subfield code="r">2015-12-14</subfield>
    <subfield code="w">2015-12-14</subfield>
    <subfield code="y">ATMSP</subfield>
  </datafield>
</record>
